Country Record Breakers - Statistics

General Stats
  • This quiz has been taken 13 times
  • The average score is 29 of 49
Answer Stats
Hint Answer % Correct
Most Populated China
100%
Most Visited France
100%
Largest Russia
100%
Newest South Sudan
100%
Most Successful Companies United States of America
100%
Most Film Industries United States of America
100%
Most Well-Known United States of America
100%
Least Population Vatican City
100%
Longest Coastline Canada
88%
Most Nuclear Warheads Russia
88%
Most Airports United States of America
88%
Most Oil Venezuela
88%
Most Islands Canada
75%
Most Cities with Over a Million People China
75%
Least Densely Populated Mongolia
75%
Least Peaceful Syria
75%
Participate in the Most Sports United States of America
75%
Most Active Volcanoes United States of America
75%
Most Music United States of America
75%
Most Nobel Prize Winners United States of America
75%
Most Dangerous Afghanistan
63%
Most Cars China
63%
Most Debt Japan
63%
Speak the Most Languages Papua New Guinea
63%
Most Trees Russia
63%
Cleanest Switzerland
63%
Smallest Vatican City
63%
Most Mountainous Bhutan
50%
Most Biodiversity Brazil
50%
Most Polluted China
50%
Most Time Zones France
50%
Most Densely Populated Monaco
50%
Most Educated United Kingdom
50%
Most Bodies of Water Brazil
38%
Most Books China
38%
Most Fruit China
38%
Oldest San Marino
38%
Most Gold United States of America
38%
Richest United States of America
38%
Most Global Militarization Israel
25%
Least Visited Nauru
25%
Most Administrative Divisions Slovenia
25%
Highest Snowfall South Korea
25%
Least known Tuvalu
25%
Safest Iceland
13%
Most Endangered Species Mexico
13%
Poorest Somalia
13%
Severest Weather Haiti
0%
Best Weather New Zealand
0%
No matching quizzes found
Score Distribution
Percent of People with Each Score
Percentile by Number Answered
Your Score History
You have not taken this quiz